00400pab a2200157 454500008004000000100001900040245004400059260000900103300001300112362000800125650003300133650001100166700001300177700001800190773003400208180718b2013 xxu||||| |||| 00| 0 eng d aBhat, Mihir R. aFlood in Uttarakhand: A new deal relief c2013 ap.19-22. aSep aFloods - India - Uttarakhand aFloods aGoh, Chi aPandya, Mehul aEconomic and Political Weekly